Normal view
MARC view
Entry Personal Name
001 - CONTROL NUMBER
- control field: 1159092
003 - CONTROL NUMBER IDENTIFIER
- control field: OSt
005 - DATE AND TIME OF LATEST TRANSACTION
- control field: 20260324120552.0
008 - FIXED-LENGTH DATA ELEMENTS
- fixed length control field: 260324|| aca||aabn | a|a d
040 ## - CATALOGING SOURCE
- Original cataloging agency: OSt
- Transcribing agency: OSt
100 ## - HEADING--PERSONAL NAME
- Personal name: Daniel Shoup; Maria Lusiani; Paolo Ferri; Luca Zan; Federica Onofri; Sara Bonini Baraldi
670 ## - SOURCE DATA FOUND
- Source citation: Work cat.: (OSt)1750698: Daniel Shoup; Maria Lusiani; Paolo Ferri; Luca Zan; Federica Onofri; Sara Bonini Baraldi, Managing Cultural Heritage
